[Event "4. Continental de Ajedrez de Cali"]
[Site "Santiago de Cali COL"]
[Date "2007.07.20"]
[Round "11.46"]
[White "Palao, Maricela"]
[Black "Villa, Olivia Rosalba"]
[Result "1-0"]
[WhiteElo "2139"]
[BlackElo "1968"]
[PlyCount "77"]
[EventDate "2007.07.11"]
[EventType "swiss"]
[EventRounds "1"]
[EventCountry "COL"]
[Source "lmi"]
[SourceDate "2007.07.11"]

1. d4 d5 2. Nf3 e6 3. c4 Nf6 4. e3 Nbd7 5. Nbd2 c5 6. Bd3 Bd6 7. O-O O-O 8. b3
b6 9. Bb2 Bb7 10. Ne5 Rc8 11. cxd5 Nxd5 12. Ndc4 Bb8 13. Qh5 N7f6 14. Qh3 b5
15. Nd2 Nb4 16. Bb1 Bxe5 17. dxe5 Qxd2 18. exf6 Nd3 19. fxg7 Rfd8 20. Bf6 Rd7
21. a4 a6 22. axb5 axb5 23. Ra2 Qb4 24. Ra7 c4 25. bxc4 bxc4 26. Bd4 Qb5 27.
Bc2 Qd5 28. Rfa1 f5 29. Bd1 c3 30. R7a5 Qc4 31. R5a4 Qb5 32. Qh6 Qd5 33. e4
fxe4 34. Bg4 Re7 35. Qf6 c2 36. Be3 Rce8 37. h4 Rxg7 38. Ra5 Qb3 39. Rg5 1-0

[Event "4. Continental de Ajedrez de Cali"]
[Site "Santiago de Cali COL"]
[Date "2007.07.20"]
[Round "11.47"]
[White "Markzon, Gregory"]
[Black "Sierra, Julian Andres"]
[Result "0-1"]
[WhiteElo "2237"]
[BlackElo "2070"]
[PlyCount "54"]
[EventDate "2007.07.11"]
[EventType "swiss"]
[EventRounds "1"]
[EventCountry "COL"]
[Source "lmi"]
[SourceDate "2007.07.11"]

1. d4 d5 2. c4 e6 3. Nc3 Nf6 4. g3 Be7 5. Bg2 O-O 6. Nf3 c6 7. O-O dxc4 8. e4
Nbd7 9. a4 b6 10. h4 Bb7 11. Re1 a6 12. e5 Nd5 13. Ne4 c5 14. Bg5 Bxg5 15. hxg5
cxd4 16. Qxd4 b5 17. g6 hxg6 18. Neg5 Re8 19. Qh4 Nf8 20. Rad1 Qd7 21. Rd4 f6
22. exf6 gxf6 23. Ne4 Kg7 24. Bh3 e5 25. Neg5 fxg5 26. Qg4 Qe6 27. Ree4 Bc8 0-1

[Event "4. Continental de Ajedrez de Cali"]
[Site "Santiago de Cali COL"]
[Date "2007.07.20"]
[Round "11.48"]
[White "Valle, Efrain"]
[Black "Navia, Edwin Adrian"]
[Result "1/2-1/2"]
[WhiteElo "2215"]
[BlackElo "2019"]
[PlyCount "161"]
[EventDate "2007.07.11"]
[EventType "swiss"]
[EventRounds "1"]
[EventCountry "COL"]
[Source "lmi"]
[SourceDate "2007.07.11"]

1. Nf3 Nf6 2. g3 g6 3. Bg2 Bg7 4. c4 d6 5. d4 O-O 6. O-O Nc6 7. d5 Na5 8. Nbd2
c5 9. e4 Bg4 10. Rb1 Qc8 11. a3 b6 12. Qc2 Bh3 13. b3 Qg4 14. Re1 Bxg2 15. Kxg2
Nh5 16. Nf1 e5 17. h3 Qd7 18. g4 Nf6 19. Bd2 Nb7 20. Qc1 Kh8 21. Ng3 Ng8 22.
Ng5 Bh6 23. f4 Bxg5 24. fxg5 f6 25. Rf1 fxg5 26. Bxg5 Rxf1 27. Qxf1 Kg7 28. Qe2
Rf8 29. Rf1 Rxf1 30. Nxf1 Qf7 31. Nd2 h6 32. Be3 Ne7 33. Nf3 Na5 34. b4 Nb7 35.
Qb2 Ng8 36. Qd2 Qd7 37. b5 Qe7 38. Qc2 Nd8 39. a4 Nb7 40. Bd2 Qc7 41. Qc1 Qe7
42. Qe1 Qd8 43. Qg3 Qe7 44. g5 h5 45. Bc3 Kf8 46. Nh4 Kg7 47. Nf3 Kf8 48. h4
Ke8 49. Qh3 Qd7 50. Qxd7+ Kxd7 51. Bxe5 dxe5 52. Nxe5+ Ke8 53. Nxg6 Nd6 54. e5
Nxc4 55. d6 Kd7 56. Kf3 Nxe5+ 57. Nxe5+ Kxd6 58. Ng6 Ne7 59. Nf4 Nf5 60. Nxh5
Nxh4+ 61. Ke4 Ng6 62. Ng7 Ne7 63. Ne8+ Ke6 64. Nf6 Nf5 65. Kf4 Ng7 66. Ne4 Nh5+
67. Kg4 Ng7 68. Kf4 Nh5+ 69. Kg4 Ng7 70. Kf4 Nh5+ 71. Ke3 Ke5 72. g6 Kf5 73.
Nxc5 bxc5 74. a5 Ke6 75. Kd3 Nf6 76. Kc4 Nd7 77. b6 Nxb6+ 78. Kxc5 Kf6 79. Kc6
Nc4 80. Kb7 Nxa5+ 81. Kxa7 1/2-1/2

[Event "4. Continental de Ajedrez de Cali"]
[Site "Santiago de Cali COL"]
[Date "2007.07.20"]
[Round "11.50"]
[White "Sanchez M, Luis Enrique"]
[Black "Orozco, Luz Elena"]
[Result "0-1"]
[WhiteElo "2143"]
[BlackElo "1908"]
[PlyCount "146"]
[EventDate "2007.07.11"]
[EventType "swiss"]
[EventRounds "1"]
[EventCountry "COL"]
[Source "lmi"]
[SourceDate "2007.07.11"]

1. e4 d5 2. exd5 Qxd5 3. Nc3 Qa5 4. Bc4 Nf6 5. d4 c6 6. Nf3 Bg4 7. O-O e6 8. h3
Bh5 9. Re1 Be7 10. Re5 Qc7 11. Ne4 Nbd7 12. Nxf6+ Nxf6 13. c3 O-O 14. Bg5 Bg6
15. Qe2 Bd6 16. Re3 Nd5 17. Bxd5 cxd5 18. Ne5 Bxe5 19. dxe5 Rac8 20. Rg3 Qc4
21. Qd2 Qe4 22. Re1 Qc2 23. Qxc2 Bxc2 24. Bh6 Bg6 25. Be3 Rc4 26. Bd4 Ra4 27.
a3 Bc2 28. Re2 Bb3 29. f4 Rc4 30. f5 a5 31. h4 a4 32. Rf2 Ba2 33. h5 Bb1 34. f6
g6 35. Kh2 Kh8 36. Kh3 b5 37. Kh4 Rg8 38. Rf1 Be4 39. hxg6 Rxg6 40. Rxg6 Bxg6
41. Kg5 Kg8 42. Kh6 Kf8 43. Rf4 Kg8 44. g3 Kf8 45. Rg4 Kg8 46. Kg5 Bf5 47. Rh4
Bg6 48. Kf4 Bc2 49. Ke3 Bg6 50. Kd2 Bf5 51. Kc1 Rc8 52. Rh5 Bg6 53. Rg5 Kh8 54.
Rg4 Rg8 55. Bf2 Be4 56. Rh4 Rg5 57. b3 Rf5 58. Rh2 axb3 59. Kb2 Bc2 60. Bd4 Rf1
61. c4 dxc4 62. Kc3 Rf3+ 63. Kb4 b2 64. Bxb2 Rb3+ 65. Kc5 Rxb2 66. Kd6 c3 67.
g4 Bg6 68. Rh3 Rb3 69. Kc5 c2 70. Rxb3 c1=Q+ 71. Kxb5 Qf4 72. g5 Qxg5 73. Kc6
Qxe5 0-1

[Event "4. Continental de Ajedrez de Cali"]
[Site "Santiago de Cali COL"]
[Date "2007.07.20"]
[Round "11.51"]
[White "Barros, Raul Junior"]
[Black "Salazar, Jeyksson"]
[Result "1/2-1/2"]
[WhiteElo "2117"]
[BlackElo "2286"]
[PlyCount "53"]
[EventDate "2007.07.11"]
[EventType "swiss"]
[EventRounds "1"]
[EventCountry "COL"]
[Source "lmi"]
[SourceDate "2007.07.11"]

1. e4 c5 2. Nf3 Nc6 3. d4 cxd4 4. Nxd4 Nf6 5. Nc3 e5 6. Ndb5 d6 7. Bg5 a6 8.
Na3 b5 9. Nd5 Qa5+ 10. Bd2 Qd8 11. Bd3 Nxd5 12. exd5 Nb8 13. c4 Be7 14. cxb5
O-O 15. bxa6 Nxa6 16. O-O Nc5 17. Bc2 f5 18. Kh1 Qe8 19. f4 Ba6 20. Re1 e4 21.
Bc3 Qf7 22. Bd4 Nd3 23. Bxd3 Bxd3 24. Qb3 Rfb8 25. Qc3 Rc8 26. Qb3 Rcb8 27. Qc3
1/2-1/2

[Event "4. Continental de Ajedrez de Cali"]
[Site "Santiago de Cali COL"]
[Date "2007.07.20"]
[Round "11.52"]
[White "Becerra, Juan David"]
[Black "Guerrero, Hernando"]
[Result "0-1"]
[WhiteElo "2104"]
[BlackElo "2041"]
[PlyCount "49"]
[EventDate "2007.07.11"]
[EventType "swiss"]
[EventRounds "1"]
[EventCountry "COL"]
[Source "lmi"]
[SourceDate "2007.07.11"]

1. e4 e5 2. f4 exf4 3. Nf3 Ne7 4. Bc4 Ng6 5. O-O d6 6. d4 Be7 7. Nc3 Nd7 8. Ne2
Nf6 9. Ng5 d5 10. exd5 Nxd5 11. Nxf7 Kxf7 12. Nxf4 Ngxf4 13. Qh5+ Kg8 14. Bxd5+
Qxd5 15. Qe8+ Bf8 16. Rxf4 Bf5 17. Qxa8 g5 18. Rf2 h6 19. Be3 Kh7 20. c4 Qe4
21. Qxa7 Qxe3 22. Qxb7 Bg7 23. Raf1 Bd3 24. Kh1 Bxf1 25. Rxf1 0-1

[Event "4. Continental de Ajedrez de Cali"]
[Site "Santiago de Cali COL"]
[Date "2007.07.20"]
[Round "11.53"]
[White "Orozco, Lina"]
[Black "Rua, Nora"]
[Result "1/2-1/2"]
[WhiteElo "1969"]
[BlackElo "1960"]
[PlyCount "125"]
[EventDate "2007.07.11"]
[EventType "swiss"]
[EventRounds "1"]
[EventCountry "COL"]
[Source "lmi"]
[SourceDate "2007.07.11"]

1. e4 e5 2. Nf3 Nc6 3. Bc4 Nf6 4. Qe2 Bc5 5. c3 Qe7 6. d3 d6 7. Bb3 Be6 8. Bc2
O-O 9. h3 d5 10. Nbd2 b5 11. b3 d4 12. c4 bxc4 13. bxc4 Rab8 14. a3 Bb6 15. O-O
Ba5 16. Nb3 Bc3 17. Ra2 Nd7 18. g4 Nc5 19. Nxc5 Qxc5 20. Ba4 Na5 21. Bd2 Bxd2
22. Qxd2 f6 23. Rb2 Rb6 24. Rxb6 Qxb6 25. Qb4 Rb8 26. Rb1 Nb7 27. Bc2 Nc5 28.
Kg2 Qxb4 29. axb4 Na6 30. b5 Nc5 31. Rc1 Ra8 32. Nd2 a5 33. Nb3 Nxb3 34. Bxb3
Kf8 35. Ba4 Ke7 36. c5 Bd7 37. Kf3 Rb8 38. Rb1 h5 39. gxh5 Bxh3 40. Rg1 Kf8 41.
Kg3 Bd7 42. Rb1 Ke7 43. f4 exf4+ 44. Kxf4 Be8 45. Rg1 Kf8 46. c6 Bxh5 47. Kf5
Bf7 48. Rg2 Re8 49. Rc2 Ke7 50. e5 fxe5 51. Kxe5 Kd8+ 52. Kxd4 Kc8 53. Rf2 Rd8+
54. Kc3 Bg6 55. Rf3 Kb8 56. d4 Ka7 57. Rg3 Rd6 58. Re3 Rf6 59. Re7 Rf7 60. Re3
Kb6 61. Rh3 Rf8 62. Rg3 Rf6 63. Rh3 1/2-1/2

[Event "4. Continental de Ajedrez de Cali"]
[Site "Santiago de Cali COL"]
[Date "2007.07.20"]
[Round "11.54"]
[White "Narvaez, Zamir"]
[Black "Jukemura, Rodrigo"]
[Result "1/2-1/2"]
[WhiteElo "2062"]
[BlackElo "2017"]
[PlyCount "112"]
[EventDate "2007.07.11"]
[EventType "swiss"]
[EventRounds "1"]
[EventCountry "COL"]
[Source "lmi"]
[SourceDate "2007.07.11"]

1. e4 e5 2. Nf3 d6 3. d4 Nd7 4. Bc4 c6 5. dxe5 dxe5 6. O-O Be7 7. c3 b5 8. Bb3
Qc7 9. Qe2 Nc5 10. Bc2 Nf6 11. b4 Ncd7 12. a4 bxa4 13. Bxa4 O-O 14. Bc2 Bb7 15.
Nbd2 a5 16. bxa5 Rxa5 17. Bb2 Rfa8 18. c4 Ne8 19. Rab1 Bf6 20. Rfd1 Nc5 21. Nf1
Bc8 22. h3 Be6 23. g4 g6 24. Ne3 Ra2 25. Qe1 Rb8 26. Qc3 Nd6 27. Nd2 Qa7 28.
Kg2 Ne8 29. Ba1 Rxb1 30. Rxb1 Ra3 31. Qb2 Nd6 32. g5 Bg7 33. Qb8+ Qxb8 34.
Rxb8+ Bc8 35. Bb2 Ra7 36. Ng4 Nd7 37. Rb4 Ra5 38. Nf3 h5 39. gxh6 Bh8 40. Nd2
f6 41. Nb3 Ra8 42. c5 Nb7 43. Bd3 Nbxc5 44. Bc4+ Kh7 45. Nxc5 Nxc5 46. Rb6 Nxe4
47. Rxc6 Bxg4 48. Rc7+ Kxh6 49. Bc1+ Ng5 50. hxg4 Bg7 51. Bxg5+ fxg5 52. Bd3
Rf8 53. Rc6 Rf6 54. Rxf6 Bxf6 55. Be4 Be7 56. f3 Ba3 1/2-1/2